Surnom des équipes Nationales de Football - Statistiques

Statistiques générales
  • Ce quiz a été pris 304 fois
  • Le résultat moyen est 7 sur 10
Statistiques - réponses
Hint Réponse % Correct
France Les Bleus
98%
Belgique Les Diables rouges
92%
Espagne La Roja
88%
Allemagne La Mannschaft
83%
Brésil La Seleção
67%
Angleterre The Three Lions
65%
Portugal La Selecção
53%
Argentine La Albiceleste
48%
Suisse La Nati
45%
Italie La Nazionale
38%
Aucun quiz correspondant
Distribution des résultats
% des personnes avec chaque résultat
Percentile par nombre de réponses
Votre historique - résultats
Vous n’avez pas pris ce quiz